Coats of arms - Habsburg lands - Statistics

General Stats
  • This quiz has been taken 269 times
    267 since last reset
  • The average score is 25 of 66
Answer Stats
Picture Answer % Correct
Austria
94%
Hungary (House of Arpad)
89%
Croatia
86%
Holy Roman Empire
74%
Aragon
72%
Castile and Leon
71%
Sardinia
71%
Luxemburg
69%
Navarre
69%
Bohemia (Böhmen)
63%
Jerusalem [Titular]
62%
Moravia (Mähren)
62%
Styria (Steiermark)
60%
Sicily
58%
Lower Silesia (Schlesien)
56%
Transylvania
52%
Venice
52%
Lorraine
49%
Brabant
48%
Habsburg
47%
Tuscany (House of Medici)
47%
Granada
45%
Milan (House of Sforza)
45%
Milan (House of Visconti)
45%
Burgundy [Titular]
44%
Carinthia (Kärnten)
44%
Flanders
44%
Tyrol
44%
Slavonia
43%
Dalmatia
42%
Salzburg
42%
Carniola (Krain)
37%
Istria
34%
Parma and Piacenza (House of Farnese)
34%
Holland
33%
Upper Austria
33%
Württemberg
33%
Lower Austria
32%
Bosnia and Herzegovina
30%
Mantua and Guastalla (House of Gonzaga)
26%
Swabia (Schwaben)
26%
Zeeland
26%
Lower Lusatia (Lausitz)
25%
Barcelona
24%
Bar
23%
Galicia
23%
Limburg
23%
Anjou (House of Anjou) [Not claimed]
22%
Upper Silesia (Schlesien)
22%
Verona
22%
Trent (Trient/Trentino)
19%
Cyprus (House of Lusignan) [Titular]
17%
Fiume
16%
Modena and Reggio (House of Este)
16%
Upper Lusatia (Lausitz)
16%
Lodomeria
14%
Trieste
12%
Brixen
11%
Gorizia
11%
Friuli
9%
Gradisca
8%
Auschwitz
7%
Windic/Wendish/Slovene March
7%
Teschen (Cieszyn)
6%
Touraine [Descent]
5%
Zator
4%
No matching quizzes found
Score Distribution
Percent of People with Each Score
Percentile by Number Answered
Your Score History
You have not taken this quiz since the last reset